00181nam a2200073Ia 4500008004100000100002100041245002800062999001700090170627s9999 xx 000 0 und d aRAMAN- MEENAKSHI 0aTECHNICAL COMMUNICATION c34734d34734